Estadísticas para Países del Sacro Imperio Romano

Haz click aquí para intentar la prueba.

Estadísticas generales

  • Esta prueba ha sido intentada 1.089 veces
  • La puntuación promedio es 14 de 16

Estadísticas de respuestas

País% Correcto
Italia
99%
Alemania
97%
Francia
96%
Austria
95%
Bélgica
93%
Suiza
93%
Países Bajos
91%
Polonia
91%
Luxemburgo
90%
Eslovenia
88%
Liechtenstein
86%
República Checa
86%
San Marino
86%
Croacia
83%
Vaticano
82%
Mónaco
79%

Distribución de puntuación

Porcentaje por número respondido

Porcentaje de gente con cada puntuación

Historial de tus puntuaciones

No has intentado esta prueba.